<?xml version="1.0" encoding="UTF-8"?>
<record
    xmlns:xsi="http://www.w3.org/2001/XMLSchema-instance"
    xsi:schemaLocation="http://www.loc.gov/MARC21/slim http://www.loc.gov/standards/marcxml/schema/MARC21slim.xsd"
    xmlns="http://www.loc.gov/MARC21/slim">

  <leader>01162nam2a22002531  4500</leader>
  <controlfield tag="001">RU\NLR\INFOCOMM6\1000375006</controlfield>
  <controlfield tag="005">20250617054940.0</controlfield>
  <datafield tag="035" ind1=" " ind2=" ">
    <subfield code="a">(NLR Aleph) 002499748</subfield>
  </datafield>
  <datafield tag="090" ind1=" " ind2=" ">
    <subfield code="a">2582196</subfield>
    <subfield code="c">2582196</subfield>
  </datafield>
  <datafield tag="100" ind1=" " ind2=" ">
    <subfield code="a">20040109d1863    |||y0rusy50      ca</subfield>
  </datafield>
  <datafield tag="101" ind1="0" ind2=" ">
    <subfield code="a">rus</subfield>
  </datafield>
  <datafield tag="102" ind1=" " ind2=" ">
    <subfield code="a">RU</subfield>
  </datafield>
  <datafield tag="105" ind1=" " ind2=" ">
    <subfield code="a">y |||||||||</subfield>
  </datafield>
  <datafield tag="200" ind1="1" ind2=" ">
    <subfield code="a">&#x420;&#x443;&#x43A;&#x43E;&#x432;&#x43E;&#x434;&#x441;&#x442;&#x432;&#x43E; &#x43A; &#x444;&#x438;&#x437;&#x438;&#x43E;&#x43B;&#x43E;&#x433;&#x438;&#x438;, &#x427;. 1 (&#x43E;&#x43A;&#x43E;&#x43D;&#x447;&#x430;&#x43D;&#x438;&#x435;), &#x427;. 2 1-&#x439; &#x43E;&#x442;&#x434;., &#x427;. 2 2-&#x439; &#x43E;&#x442;&#x434;. (&#x43E;&#x43A;&#x43E;&#x43D;&#x447;&#x430;&#x43D;&#x438;&#x435;), &#x427;. 3 [1-&#x439; &#x43E;&#x442;&#x434;.] (&#x43D;&#x430;&#x447;&#x430;&#x43B;&#x43E;)</subfield>
    <subfield code="f">&#x41B;&#x43E;&#x43D;&#x436;&#x435;, &#x424;.&#x410;.</subfield>
  </datafield>
  <datafield tag="210" ind1=" " ind2=" ">
    <subfield code="d">1863</subfield>
    <subfield code="a">&#x411;. &#x43C;.</subfield>
  </datafield>
  <datafield tag="461" ind1=" " ind2="0">
    <subfield code="1">001RU\NLR\INFOCOMM6\1000374974</subfield>
    <subfield code="1">2001#$a&#x411;&#x438;&#x431;&#x43B;&#x438;&#x43E;&#x442;&#x435;&#x43A;&#x430; &#x43C;&#x435;&#x434;&#x438;&#x446;&#x438;&#x43D;&#x441;&#x43A;&#x438;&#x445; &#x43D;&#x430;&#x443;&#x43A;, &#x438;&#x437;&#x434;&#x430;&#x432;&#x430;&#x435;&#x43C;&#x430;&#x44F; &#x43F;&#x43E;&#x434; &#x440;&#x435;&#x434;&#x430;&#x43A;&#x446;&#x438;&#x435;&#x439; &#x434;&#x43E;&#x43A;&#x442;&#x43E;&#x440;&#x430; &#x41C;. &#x425;&#x430;&#x43D;&#x430;$i&#x424;&#x438;&#x437;&#x438;&#x43E;&#x43B;&#x43E;&#x433;&#x438;&#x44F;$v1863, &#x434;&#x435;&#x43A;.</subfield>
    <subfield code="9">2581921</subfield>
    <subfield code="c">&#x421;&#x41F;&#x431;.</subfield>
    <subfield code="d">1857-1864</subfield>
    <subfield code="i">&#x424;&#x438;&#x437;&#x438;&#x43E;&#x43B;&#x43E;&#x433;&#x438;&#x44F;</subfield>
    <subfield code="t">&#x411;&#x438;&#x431;&#x43B;&#x438;&#x43E;&#x442;&#x435;&#x43A;&#x430; &#x43C;&#x435;&#x434;&#x438;&#x446;&#x438;&#x43D;&#x441;&#x43A;&#x438;&#x445; &#x43D;&#x430;&#x443;&#x43A;, &#x438;&#x437;&#x434;&#x430;&#x432;&#x430;&#x435;&#x43C;&#x430;&#x44F; &#x43F;&#x43E;&#x434; &#x440;&#x435;&#x434;&#x430;&#x43A;&#x446;&#x438;&#x435;&#x439; &#x434;&#x43E;&#x43A;&#x442;&#x43E;&#x440;&#x430; &#x41C;. &#x425;&#x430;&#x43D;&#x430;</subfield>
    <subfield code="v">1863, &#x434;&#x435;&#x43A;.</subfield>
  </datafield>
  <datafield tag="700" ind1=" " ind2="1">
    <subfield code="a">&#x41B;&#x43E;&#x43D;&#x436;&#x435;</subfield>
    <subfield code="b">&#x424;.&#x410;.</subfield>
  </datafield>
  <datafield tag="801" ind1=" " ind2="1">
    <subfield code="a">RU</subfield>
    <subfield code="b">InfoComm</subfield>
    <subfield code="c">20040109</subfield>
  </datafield>
  <datafield tag="801" ind1=" " ind2="0">
    <subfield code="a">RU</subfield>
    <subfield code="b">NLR</subfield>
    <subfield code="g">PSBO</subfield>
  </datafield>
  <datafield tag="852" ind1=" " ind2=" ">
    <subfield code="a">NLR</subfield>
    <subfield code="j">2/62</subfield>
  </datafield>
  <datafield tag="942" ind1=" " ind2=" ">
    <subfield code="c">ISSUE</subfield>
  </datafield>
  <datafield tag="980" ind1=" " ind2=" ">
    <subfield code="a">NB</subfield>
  </datafield>
  <datafield tag="980" ind1=" " ind2=" ">
    <subfield code="a">RUSPER</subfield>
  </datafield>
</record>
